[Event "Flint (MI Jr/3/22)"]
[Site "?"]
[Date "1996.??.??"]
[Round "?"]
[White "Ortiz, M."]
[Black "Pleasant, Andrew"]
[Result "1-0"]
[WhiteElo "1605"]
[BlackElo "1605"]
[PlyCount "125"]
[EventDate "1996.??.??"]

{3/(22)} 1. e4 c5 2. Nf3 d6 3. d4 cxd4 4. Nxd4 Nf6 5. Nc3 g6 6. f3 Bg7 7. Be3
O-O 8. Qd2 Qb6 9. O-O-O Nc6 10. Nxc6 Qxc6 11. Bh6 Be6 12. Bxg7 Kxg7 13. Kb1
Rfd8 14. Bb5 Qc5 15. Qd4 a6 16. Qxc5 dxc5 17. Rxd8 Rxd8 18. Bd3 c4 19. Be2 b5
20. Rd1 Rxd1+ 21. Bxd1 Nd7 22. b3 cxb3 23. cxb3 Nc5 24. a4 Bxb3 25. Bxb3 Nxb3
26. axb5 axb5 27. Nxb5 f5 28. Kc2 Nc5 29. exf5 gxf5 30. Nd4 Kf6 31. Kc3 Ke5 32.
Kc4 Ne6 33. Nxe6 Kxe6 34. Kd4 h5 35. f4 h4 36. g3 h3 37. Kc5 Kd7 38. Kd5 e6+
39. Ke5 Ke7 40. Kd4 Kd6 41. Ke3 Kd5 42. Kf3 Kd4 43. g4 Kd5 44. g5 Kd6 45. Kg3
Ke7 46. Kxh3 Kf7 47. Kg3 Kg6 48. h4 Kh5 49. Kf3 Kg6 50. Ke3 Kf7 51. Kd4 Kg6 52.
Ke5 Kf7 53. h5 Ke7 54. h6 Kf7 55. h7 Kg7 56. Kxe6 Kxh7 57. Kxf5 Kg7 58. Ke5 Kf7
59. f5 Ke7 60. f6+ Kf7 61. Kd6 Kf8 62. Ke6 Kg8 63. Ke7 1-0

[Event "Flint (MI Jr/5/10)"]
[Site "?"]
[Date "1996.??.??"]
[Round "?"]
[White "Ortiz, M."]
[Black "Nolan, Brian"]
[Result "1-0"]
[WhiteElo "1605"]
[BlackElo "1605"]
[PlyCount "88"]
[EventDate "1996.??.??"]

{5/(10)} 1. e4 c5 2. Nf3 d6 3. d4 cxd4 4. Nxd4 Nf6 5. Nc3 g6 6. f3 Bg7 7. Be3
O-O 8. Qd2 Nc6 9. Nxc6 bxc6 10. O-O-O Be6 11. Bh6 Qb6 12. Bxg7 Kxg7 13. Qd4
Rab8 14. Qxb6 Rxb6 15. Be2 Rfb8 16. b3 d5 17. exd5 Nxd5 18. Nxd5 cxd5 19. Rd2
Rc8 20. Kb2 Rbc6 21. Rc1 Bf5 22. g4 Be6 23. c4 dxc4 24. Bxc4 Bxc4 25. Rxc4 Rxc4
26. bxc4 Rxc4 27. Rc2 Rxc2+ 28. Kxc2 Kf6 29. Kc3 Ke5 30. a4 Kf4 31. Kd4 Kxf3
32. h3 Kf4 33. Kd5 e5 34. Kc6 e4 35. a5 e3 36. Kb7 e2 37. Kxa7 e1=Q 38. a6 Ke5
39. Kb7 Kd6 40. a7 Qb4+ 41. Ka6 Qa4+ 42. Kb7 Qb5+ 43. Ka8 Kc7 44. g5 Qd5# 1-0

[Event "Flint (MI Jr/1/7)"]
[Site "?"]
[Date "1996.??.??"]
[Round "?"]
[White "Ortiz, M."]
[Black "McNeil, Yaking"]
[Result "0-1"]
[WhiteElo "1605"]
[BlackElo "1605"]
[PlyCount "100"]
[EventDate "1996.??.??"]

{1/(7)} 1. e4 c5 2. Nf3 Nc6 3. d4 cxd4 4. Nxd4 e5 5. Nf3 Nf6 6. Nc3 Bc5 7. Bc4
O-O 8. O-O d6 9. Bg5 h6 10. Bh4 Bg4 11. Nd5 g5 12. Bg3 Nxe4 13. Qe2 Nxg3 14.
hxg3 Nd4 15. Qd1 e4 16. c3 Nxf3+ 17. gxf3 Bxf3 18. Qd2 Qc8 19. Ne7+ Kg7 20.
Nxc8 Raxc8 21. b4 Bb6 22. Qxd6 Rxc4 23. Qe5+ Kg8 24. Qf6 e3 25. Qxf3 Rxc3 26.
Qf6 exf2+ 27. Rxf2 Rxg3+ 28. Kf1 Bxf2 29. Kxf2 Rh3 30. Kg2 Rh4 31. Rh1 Rg4+ 32.
Kh3 Rh4+ 33. Kg3 Rxh1 34. Qf3 Ra1 35. Qxb7 Rxa2 36. Qc6 Ra3+ 37. Kg4 f5+ 38.
Kh5 Rh3+ 39. Kg6 Kh8 40. Qd6 Rg8+ 41. Kf7 Rg7+ 42. Kf6 Kh7 43. Qf8 Rg8 44. Qf7+
Kh8 45. Qe7 f4 46. Qe5 Re3 47. Qd5 Rg7 48. Qd8+ Kh7 49. Qf8 Ree7 50. Qd8 Rgf7#
0-1

[Event "Lansing (MOR/4/21)"]
[Site "?"]
[Date "1996.??.??"]
[Round "?"]
[White "Oprean, G."]
[Black "Smith, Robert"]
[Result "1-0"]
[WhiteElo "1605"]
[BlackElo "1670"]
[PlyCount "71"]
[EventDate "1996.??.??"]

{4/(21)} 1. c4 e6 2. Nf3 Nf6 3. d4 d5 4. Nc3 Nbd7 5. cxd5 exd5 6. e3 c5 7. Bd3
Be7 8. O-O O-O 9. Rb1 b6 10. b3 Bb7 11. Qc2 Re8 12. Bb2 h6 13. Rbd1 Rc8 14. Qb1
Bd6 15. Rfe1 Ne4 16. Nb5 Bb8 17. Na3 cxd4 18. Bxd4 Ne5 19. Be2 Nxf3+ 20. Bxf3
Qd6 21. Qb2 Qxh2+ 22. Kf1 Qh1+ 23. Ke2 Ba6+ 24. Nc4 Qh4 25. Bxe4 Rxe4 26. Rh1
Qg4+ 27. Kd2 dxc4 28. Rc1 c3+ 29. Rxc3 Rxd4+ 30. exd4 Qe2+ 31. Kc1 Rxc3+ 32.
Qxc3 Bf4+ 33. Kb1 Bd3+ 34. Ka1 Bd2 35. Qb2 Qxf2 36. Rd1 $138 1-0

[Event "Lansing (MOR/3/31)"]
[Site "?"]
[Date "1996.??.??"]
[Round "?"]
[White "Oprean, G."]
[Black "Raupp, Sarah"]
[Result "1-0"]
[WhiteElo "1605"]
[BlackElo "1605"]
[PlyCount "63"]
[EventDate "1996.??.??"]

{3/(31)} 1. d4 e6 2. c4 f5 3. Nf3 b6 4. g3 Bb7 5. Bg2 Nf6 6. O-O Be7 7. a3 O-O
8. Nc3 d6 9. d5 e5 10. Ng5 Qe8 11. Ne6 Na6 12. Nxf8 Kxf8 13. f3 Nc5 14. b4 Ncd7
15. e4 Qh5 16. exf5 Qxf5 17. Ra2 c5 18. Qc2 Qh5 19. Qe2 a5 20. b5 Kg8 21. a4
Rf8 22. f4 Ng4 23. h3 Nh6 24. Qxh5 Rf5 25. Qe8+ Nf8 26. Qxe7 Rf7 27. Qd8 Nf5
28. fxe5 dxe5 29. g4 Nd4 30. Rxf7 Kxf7 31. Rf2+ Kg8 32. Qxf8# 1-0

[Event "Detroit (Class C/3/7)"]
[Site "?"]
[Date "1996.??.??"]
[Round "?"]
[White "Oprean, G."]
[Black "McGinniss, M."]
[Result "1-0"]
[WhiteElo "1605"]
[BlackElo "1605"]
[PlyCount "67"]
[EventDate "1996.??.??"]

{3/(7)} 1. c4 c5 2. Nc3 Nc6 3. e3 Nf6 4. d4 cxd4 5. exd4 d5 6. cxd5 Nxd5 7. Nf3
Bg4 8. Be2 e6 9. a3 Be7 10. O-O O-O 11. Re1 Bf6 12. Be3 Qb6 13. Na4 Qd8 14. Qd2
Bxf3 15. Bxf3 Qa5 16. Nc3 Rad8 17. b4 Qc7 18. Ne4 Be7 19. Rad1 b6 20. Qb2 f5
21. Nc3 f4 22. Bc1 Bf6 23. Nxd5 exd5 24. Qc2 Rc8 25. Bb2 Qd6 26. Rc1 Ne7 27.
Qb3 Rxc1 28. Rxc1 Nf5 29. Rd1 g5 30. Bg4 Ne7 31. Re1 b5 32. Re6 Qd7 33. Qh3 Qc8
34. Rxe7 1-0

[Event "Detroit (Class C/1/3)"]
[Site "?"]
[Date "1996.??.??"]
[Round "?"]
[White "Oprean, G."]
[Black "Kane, Paul"]
[Result "0-1"]
[WhiteElo "1605"]
[BlackElo "1605"]
[PlyCount "132"]
[EventDate "1996.??.??"]

{1/(3)} 1. c4 Nf6 2. d4 c6 3. Nc3 d5 4. cxd5 cxd5 5. Nf3 Bf5 6. e3 e6 7. Bb5+
Nc6 8. h3 Bd6 9. Ne5 Qc7 10. Nxc6 bxc6 11. Ba4 O-O 12. a3 c5 13. dxc5 Bxc5 14.
b4 Bb6 15. Ne2 Rac8 16. O-O Qd6 17. Bb2 Ne4 18. Rc1 Bc7 19. f4 Bb6 20. Nd4 Rfe8
21. Bxe8 Rxe8 22. Qe1 Bg6 23. Nf3 f6 24. Nh4 Bf7 25. Nf3 Qxf4 26. Bd4 Bxd4 27.
Nxd4 Qb8 28. Nb3 e5 29. Nc5 Nd6 30. Qh4 Nc4 31. Rc3 Qb5 32. Qg4 Kh8 33. Qd7
Qxd7 34. Nxd7 Rd8 35. Nc5 d4 36. exd4 exd4 37. Rg3 Ne5 38. Rd1 Bc4 39. Nd3 Nxd3
40. Rgxd3 Bxd3 41. Rxd3 Kg8 42. g4 Kf7 43. Kf2 Ke6 44. Kf3 Ke5 45. Ke2 Rd7 46.
Rb3 Ke4 47. Rd3 a6 48. Kd2 Rc7 49. Rb3 g6 50. a4 f5 51. gxf5 gxf5 52. b5 axb5
53. axb5 f4 54. b6 Rb7 55. Ke2 h6 56. Kf2 f3 57. Rb4 Kd3 58. Kxf3 Kc3 59. Rb1
Kc2 60. Rb5 d3 61. Rc5+ Kd1 62. Rd5 d2 63. Ke3 Re7+ 64. Kd3 Ke1 65. Kc2 Re6 66.
Rxd2 Rc6+ 0-1

[Event "Lansing (MOR/5/14)"]
[Site "?"]
[Date "1996.??.??"]
[Round "?"]
[White "Oprean, G."]
[Black "Boldrick, Thomas"]
[Result "1-0"]
[WhiteElo "1605"]
[BlackElo "1650"]
[PlyCount "89"]
[EventDate "1996.??.??"]

{5/(14)} 1. d4 Nf6 2. c4 d6 3. Nc3 g6 4. e4 Bg7 5. f3 O-O 6. Be3 Nbd7 7. b3 c5
8. Rc1 Qa5 9. Qd2 cxd4 10. Bxd4 Nc5 11. Qb2 Ne6 12. Be3 Bd7 13. Bd3 Nh5 14.
Nge2 Nc5 15. Bb1 Qc7 16. Qc2 Nf6 17. O-O a5 18. Nd5 Nxd5 19. exd5 b5 20. Bd4
bxc4 21. bxc4 Bxd4+ 22. Nxd4 a4 23. Ne2 a3 24. Qd2 Rfb8 25. Ng3 Rb2 26. Rc2
Rab8 27. Rxb2 axb2 28. Rf2 Na4 29. Qd4 Qc5 30. Qxc5 dxc5 31. Rc2 Rb4 32. Ne4
Bf5 33. g4 Bxe4 34. fxe4 Kg7 35. e5 Nb6 36. d6 exd6 37. exd6 Nd7 38. Rc3 Kf6
39. a3 Rb8 40. Re3 Ne5 41. Re2 Nxc4 42. d7 Nxa3 43. Re8 Rxe8 44. dxe8=Q Nxb1
45. Qe2 1-0

[Event "Kalamazoo (MI Am/2/20)"]
[Site "?"]
[Date "1996.??.??"]
[Round "?"]
[White "Oosterbaan, N."]
[Black "Miller, Doug"]
[Result "0-1"]
[WhiteElo "1605"]
[BlackElo "1605"]
[PlyCount "67"]
[EventDate "1996.??.??"]

{2/(20)} 1. d4 Nf6 2. c4 c6 3. Nc3 e6 4. Qc2 Be7 5. Nf3 O-O 6. e3 d5 7. Bd3 h6
8. Bd2 Nbd7 9. O-O-O Bb4 10. a3 Ba5 11. Rdg1 c5 12. dxc5 Nxc5 13. b4 Nxd3+ 14.
Qxd3 dxc4 15. Qxc4 Bc7 16. g4 Nh7 17. h4 a6 18. g5 h5 19. e4 b5 20. Qe2 e5 21.
g6 fxg6 22. Rxg6 Bg4 23. Rxg4 hxg4 24. Ng5 Nxg5 25. hxg5 Qd4 26. Nd1 Rf3 27.
Kc2 Rc8 28. Bc3 Bd8 29. Kb2 Rcxc3 30. Nxc3 Rxf2 31. Qc2 Rxc2+ 32. Kxc2 Bxg5 33.
Rd1 Qf2+ 34. Rd2 0-1

[Event "Cadillac Open/3/11"]
[Site "?"]
[Date "1996.??.??"]
[Round "?"]
[White "Oosterbaan, N."]
[Black "Egerton, J."]
[Result "0-1"]
[WhiteElo "1605"]
[BlackElo "1920"]
[PlyCount "76"]
[EventDate "1996.??.??"]

{3/11} 1. e4 c5 2. Nf3 d6 3. c3 Nf6 4. Qc2 g6 5. d4 Bg7 6. Be3 Nbd7 7. Bd3 O-O
8. Nbd2 a6 9. O-O b5 10. a4 c4 11. Be2 Bb7 12. Rfb1 Qc7 13. b3 cxb3 14. Rxb3
bxa4 15. Rxa4 Rfb8 16. Qa2 Nxe4 17. Nxe4 Bxe4 18. Bxa6 Rb6 19. Bc4 Rxb3 20.
Rxa8+ Rb8 21. Rxb8+ Qxb8 22. Bxf7+ Kf8 23. Nd2 Bc6 24. Bg8 Qe8 25. Be6 Nf6 26.
Bg5 h6 27. Bxf6 Bxf6 28. f3 Bg5 29. Ne4 Be3+ 30. Kf1 h5 31. g3 Kg7 32. Ke2 Bh6
33. c4 Qb8 34. c5 Bb5+ 35. Kd1 dxc5 36. Qb2 Ba4+ 37. Bb3 Bxb3+ 38. Ke2 Bc4+ 0-1

[Event "Cadillac Open/5/14"]
[Site "?"]
[Date "1996.??.??"]
[Round "?"]
[White "Oosterbaan, N."]
[Black "Crysler, Jerry"]
[Result "0-1"]
[WhiteElo "1605"]
[BlackElo "1605"]
[PlyCount "146"]
[EventDate "1996.??.??"]

{5/14} 1. d4 Nf6 2. c4 g6 3. Nc3 Bg7 4. Qc2 d6 5. Bg5 Nbd7 6. e3 b6 7. Bd3 Bb7
8. f3 d5 9. cxd5 Nxd5 10. Nxd5 Bxd5 11. Ne2 O-O 12. O-O c5 13. Nc3 Bb7 14. dxc5
Nxc5 15. Bc4 Bc6 16. Rad1 Qc7 17. Nd5 Bxd5 18. Bxd5 Rac8 19. Rc1 e6 20. Be4 Qe5
21. Be7 Rfe8 22. b4 Rxe7 23. bxc5 Rxc5 24. Qd3 Rxc1 25. Rxc1 Bh6 26. f4 Qb8 27.
Qa6 Rc7 28. Rxc7 Qxc7 29. Qb7 Qc1+ 30. Kf2 Qd2+ 31. Kf3 Qxa2 32. Bd3 Qa4 33.
Ba6 Qd1+ 34. Ke4 f5+ 35. Ke5 Bg7+ 36. Kxe6 Qb3+ 37. Kd7 Bf8 38. e4 Qf7+ 39. Kc6
Qe8+ 40. Kc7 Qe7+ 41. Kc8 Qe6+ 42. Kb8 Bd6+ 43. Kxa7 Qxe4 44. Qc8+ Kg7 45. Qd7+
Qe7 46. Qxe7+ Bxe7 47. Kxb6 Bb4 48. Kc6 Be1 49. Kd5 Kf6 50. Kd4 Bf2+ 51. Kd3 h5
52. Ke2 Bg1 53. h3 h4 54. Kf3 Bh2 55. Bc4 Bxf4 56. Kxf4 g5+ 57. Kf3 Ke5 58. Bd3
Kf6 59. Bc4 Ke5 60. Bd3 Kf6 61. g4 hxg3 62. Kxg3 Ke5 63. Kf2 Kf4 64. Be2 g4 65.
h4 Ke5 66. Kg3 Kf6 67. Bb5 Kg6 68. Be8+ Kg7 69. Kf4 Kh6 70. h5 Kg7 71. Kg5 g3
72. Bc6 Kh7 73. Kxf5 Kh6 0-1

[Event "Kalamazoo (MI Am/4/22)"]
[Site "?"]
[Date "1996.??.??"]
[Round "?"]
[White "Oosterbaan, N."]
[Black "Brant, K."]
[Result "1-0"]
[WhiteElo "1605"]
[BlackElo "1605"]
[PlyCount "82"]
[EventDate "1996.??.??"]

{4/(22)} 1. e4 e5 2. Nf3 Nc6 3. Bb5 Bc5 4. O-O d6 5. h3 Nf6 6. Re1 O-O 7. c3 a6
8. Ba4 Be6 9. d4 exd4 10. cxd4 Bb4 11. Nc3 Bxc3 12. bxc3 Bc4 13. Bg5 h6 14. Bh4
Re8 15. e5 g5 16. Nxg5 hxg5 17. Bxg5 dxe5 18. Qf3 Re6 19. Bxc6 Rxc6 20. dxe5
Qd5 21. Bxf6 Qxf3 22. gxf3 Kh7 23. Re4 Bd5 24. Rh4+ Kg6 25. Rg4+ Kf5 26. Kg2
Rxc3 27. Rg5+ Kf4 28. Rg4+ Kf5 29. Rg5+ Ke6 30. Rg3 Kf5 31. h4 Kf4 32. Rg4+ Kf5
33. Rg5+ Kf4 34. e6 Bxf3+ 35. Kh2 Rc6 36. Be5+ Ke4 37. exf7 Rf8 38. Re1+ Kd5
39. Bg7+ Kd6 40. Bxf8+ Kd7 41. Bg7 b5 1-0

[Event "Cadillac Open/1b/15"]
[Site "?"]
[Date "1996.??.??"]
[Round "?"]
[White "Oosterbaan, N."]
[Black "Betker, K."]
[Result "0-1"]
[WhiteElo "1605"]
[BlackElo "1605"]
[PlyCount "50"]
[EventDate "1996.??.??"]

1. e4 e5 2. Nc3 d6 3. f4 exf4 4. d4 Qh4+ 5. Kd2 Qf2+ 6. Nge2 Bg4 7. Qe1 Qe3+ 8.
Kd1 Bxe2+ 9. Bxe2 Qxd4+ 10. Bd3 g5 11. Ne2 Qb6 12. h4 f6 13. hxg5 fxg5 14. Qc3
Nd7 15. Qxh8 Ngf6 16. b3 O-O-O 17. Bb2 Be7 18. Qg7 Ng8 19. Qxh7 Qf2 20. Bc4
Ndf6 21. Qf5+ Kb8 22. Bd4 Qxg2 23. Rg1 Qf3 24. Rxg5 Nxe4 25. Bxg8 Qf1# 0-1

[Event "Detroit (MI Team/1/3/1)"]
[Site "?"]
[Date "1996.??.??"]
[Round "?"]
[White "Olevskiy, D."]
[Black "Jenkins, C."]
[Result "1-0"]
[WhiteElo "2215"]
[BlackElo "1605"]
[PlyCount "31"]
[EventDate "1996.??.??"]

{1/3} 1. e4 e6 2. d4 b6 3. Nf3 Bb7 4. Bd3 Bb4+ 5. c3 Be7 6. O-O d5 7. e5 Nd7 8.
a4 f6 9. exf6 Bxf6 10. Na3 Ne7 11. Qe2 c5 12. Qxe6 cxd4 13. Nb5 Ne5 14. Nd6+
Kf8 15. Nxe5 Bxe5 16. Qf7# 1-0

[Event "Detroit (MI Team/4/2/1)"]
[Site "?"]
[Date "1996.??.??"]
[Round "?"]
[White "Olevskiy, D."]
[Black "Calton, Bill"]
[Result "1/2-1/2"]
[WhiteElo "2215"]
[BlackElo "2160"]
[PlyCount "114"]
[EventDate "1996.??.??"]

{4/2} 1. e4 c6 2. d4 d5 3. exd5 cxd5 4. c4 Nf6 5. Nc3 e6 6. Nf3 Bb4 7. Bd3 O-O
8. O-O dxc4 9. Bxc4 b6 10. Bg5 Bb7 11. Qe2 Be7 12. Rfe1 Nc6 13. Rad1 Na5 14.
Bd3 Nd5 15. Bxe7 Qxe7 16. Bb1 Rac8 17. Qd3 g6 18. Ne4 Nc4 19. Rc1 Nf4 20. Qd1
Rfd8 21. b3 Nd6 22. Rxc8 Rxc8 23. Qd2 Nxe4 24. Bxe4 Bxe4 25. Rxe4 Qc7 26. Re1
Kg7 27. g3 Nd5 28. h4 Qc2 29. Qg5 Nf6 30. Qe5 Qc7 31. Kg2 Qxe5 32. dxe5 Nd5 33.
Re2 h5 34. Nd4 Rc5 35. Rc2 Nb4 36. Rxc5 bxc5 37. a3 Na2 38. Nc6 Nc1 39. Nxa7
Nxb3 40. Kf3 f6 41. Ke4 g5 42. Nc6 gxh4 43. gxh4 c4 44. Nd8 fxe5 45. f4 Nc5+
46. Ke3 exf4+ 47. Kxf4 e5+ 48. Ke3 Kf6 49. Kd2 Na4 50. Nc6 Ke6 51. Nb4 Kf5 52.
Nc2 Kf4 53. Nb4 Kf3 54. Nc6 Ke4 55. Ne7 Kf3 56. Ng6 Ke4 57. Ne7 Kf3 1/2-1/2

[Event "Detroit (MI Action/3/24)"]
[Site "?"]
[Date "1996.??.??"]
[Round "?"]
[White "Ohlemacher, Scott"]
[Black "Powell, Chris"]
[Result "1-0"]
[WhiteElo "1605"]
[BlackElo "1605"]
[PlyCount "49"]
[EventDate "1996.??.??"]

{3/(24)} 1. e4 c6 2. d4 Na6 3. Nc3 f6 4. Nf3 Nh6 5. Bc4 d5 6. Bb3 dxe4 7. Nxe4
f5 8. Nc3 e5 9. dxe5 Ng4 10. O-O f4 11. Bxf4 Bc5 12. Ng5 Bxf2+ 13. Rxf2 Nxf2
14. Kxf2 h6 15. Nf7 Qxd1 16. Rxd1 Bg4 17. Rd6 Nb8 18. Rd8+ Ke7 19. Rxh8 Be6 20.
Bxe6 Kxe6 21. Nd8+ Kd7 22. e6+ Kc8 23. e7 a5 24. e8=Q Ra6 25. Ne6# 1-0

[Event "Detroit (MI Action/1/17)"]
[Site "?"]
[Date "1996.??.??"]
[Round "?"]
[White "Ohlemacher, Scott"]
[Black "Iyer, Krishnan"]
[Result "0-1"]
[WhiteElo "1605"]
[BlackElo "1605"]
[PlyCount "49"]
[EventDate "1996.??.??"]

{1/(17)} 1. e4 c5 2. Nf3 Nc6 3. Bc4 a6 4. O-O d6 5. h3 g6 6. Nc3 Bg7 7. d3 e6
8. Bg5 Qc7 9. d4 cxd4 10. Nxd4 Nxd4 11. b3 b5 12. Be3 Nxc2 13. Qxc2 bxc4 14.
Qd2 Ne7 15. Rad1 O-O 16. Na4 Rb8 17. Bg5 f6 18. Bf4 e5 19. Bg3 Bd7 20. Nb6 Rxb6
21. Qd5+ Nxd5 22. Rxd5 Be6 23. Rd2 cxb3 24. Rfd1 Rc8 25. Kh2 0-1

[Event "Kalamazoo (Swiss/5/9)"]
[Site "?"]
[Date "1996.??.??"]
[Round "?"]
[White "Oh, James"]
[Black "Van Den Abell, Tom"]
[Result "0-1"]
[WhiteElo "1605"]
[BlackElo "1605"]
[PlyCount "57"]
[EventDate "1996.??.??"]

{5/(9)} 1. b4 e5 2. a3 Nf6 3. Nc3 d5 4. Bb2 Nc6 5. e3 d4 6. Nb1 Be7 7. Bb5 Bd7
8. Bxc6 Bxc6 9. Nf3 Bxf3 10. Qxf3 c6 11. exd4 exd4 12. O-O O-O 13. Qf4 Nd5 14.
Qxd4 Bf6 15. Qg4 Bxb2 16. Ra2 Bf6 17. c4 Ne7 18. Re1 Qc7 19. Nc3 Rad8 20. Ne4
Rd4 21. Nxf6+ Kh8 22. Qxd4 Nf5 23. Qd3 Qc8 24. g4 Rd8 25. Qh3 Nh6 26. Re7 Rf8
27. Qh5 Qd8 28. Rxb7 g6 29. Qxh6 0-1

[Event "Kalamazoo (Swiss/2/6)"]
[Site "?"]
[Date "1996.??.??"]
[Round "?"]
[White "Oh, James"]
[Black "Juntunen, Michael"]
[Result "0-1"]
[WhiteElo "1605"]
[BlackElo "1605"]
[PlyCount "34"]
[EventDate "1996.??.??"]

{2/(6)} 1. e4 e5 2. Nf3 d5 3. Nc3 d4 4. Nb1 Nc6 5. Bb5 Bd6 6. c3 a6 7. Ba4 b5
8. Bb3 d3 9. Bd5 Nge7 10. Bb3 O-O 11. Ng5 Ng6 12. Bd5 Qxg5 13. Bxc6 Qxg2 14.
Rf1 Bh3 15. Qe2 dxe2 16. Kxe2 Qxf1+ 17. Kf3 Qd3# 0-1

[Event "Kalamazoo (Swiss/1/12)"]
[Site "?"]
[Date "1996.??.??"]
[Round "?"]
[White "Oh, James"]
[Black "Cassidy, M."]
[Result "1-0"]
[WhiteElo "1605"]
[BlackElo "1605"]
[PlyCount "49"]
[EventDate "1996.??.??"]

{1/(12)} 1. b4 d5 2. a3 Nf6 3. Nf3 a6 4. d4 Nc6 5. Nc3 Bg4 6. e4 dxe4 7. h3
Bxf3 8. gxf3 Nxd4 9. Be2 e5 10. fxe4 Qd7 11. Qd3 Qc6 12. b5 axb5 13. Nxb5 Nxc2+
14. Kd1 Rd8 15. Qxd8+ Kxd8 16. Rb1 Nxe4 17. Rf1 Nc3+ 18. Nxc3 Qxc3 19. Rxb7 Kc8
20. Ba6 Qd4+ 21. Kxc2 Qc5+ 22. Kb1 Qa5 23. Ra7+ Kd7 24. Bc8+ Kxc8 25. Rxa5 1-0

[Event "Cadillac Open/4/16"]
[Site "?"]
[Date "1996.??.??"]
[Round "?"]
[White "O'Dell, Ray"]
[Black "Oosterbaan, N."]
[Result "0-1"]
[WhiteElo "1605"]
[BlackElo "1605"]
[PlyCount "86"]
[EventDate "1996.??.??"]

{4/16} 1. c4 d6 2. Nc3 g6 3. d4 Bg7 4. e4 Nf6 5. Be2 O-O 6. Bf4 Re8 7. c5 e5 8.
dxe5 dxe5 9. Qxd8 Rxd8 10. Bxe5 Re8 11. Bg3 Nxe4 12. Rc1 c6 13. Bf4 Nxc5 14.
Nf3 Nd3+ 15. Kd2 Nxf4 16. Nh4 Bxc3+ 17. bxc3 Rxe2+ 18. Kd1 Rxf2 19. Rc2 Bg4+
20. Nf3 Nd3 21. h3 Bf5 22. Nd2 Na6 23. g4 Be6 24. Rf1 Rg2 25. Ne4 Rxc2 26. Kxc2
Ne5 27. Re1 Nc4 28. Ng5 Nc5 29. h4 Rd8 30. Re2 h6 31. Ne4 Nxe4 32. Rxe4 Rd2+
33. Kc1 Rxa2 34. Rd4 Ra1+ 35. Kc2 Ra2+ 36. Kc1 Ne3 37. Rd2 Rxd2 38. Kxd2 Nc4+
39. Kd3 a5 40. Kc2 a4 41. Kb1 Bxg4 42. Ka2 a3 43. Kb3 b5 0-1

[Event "Cadillac Open/5/18"]
[Site "?"]
[Date "1996.??.??"]
[Round "?"]
[White "O'Dell, Ray"]
[Black "Dushane, M."]
[Result "1-0"]
[WhiteElo "1605"]
[BlackElo "1605"]
[PlyCount "51"]
[EventDate "1996.??.??"]

{5/18} 1. c4 c5 2. e4 Nc6 3. Nf3 Nf6 4. Nc3 d6 5. h3 e5 6. a3 Be6 7. d3 h6 8.
Be2 Rb8 9. O-O Be7 10. Nh4 Nd4 11. f4 exf4 12. Nf5 g5 13. Ng7+ Kf8 14. Nxe6+
fxe6 15. a4 Kg7 16. Nb5 Nxb5 17. axb5 Ra8 18. b3 d5 19. Bb2 Kh7 20. e5 Ne8 21.
d4 Qc7 22. Bd3+ Kg7 23. Qh5 Kf8 24. cxd5 exd5 25. e6 Ng7 26. Qf7# 1-0

[Event "Cadillac Open/1b/6"]
[Site "?"]
[Date "1996.??.??"]
[Round "?"]
[White "O'Dell, Ray"]
[Black "Bailey, Greg"]
[Result "1-0"]
[WhiteElo "1605"]
[BlackElo "2000"]
[PlyCount "107"]
[EventDate "1996.??.??"]

1. c4 e5 2. Nc3 d6 3. d4 exd4 4. Qxd4 Nc6 5. Qe3+ Qe7 6. Nd5 Qxe3 7. Bxe3 Kd8
8. Nf3 h6 9. a3 a5 10. g3 Nge7 11. Bg2 Nxd5 12. cxd5 Ne7 13. Nd4 a4 14. O-O Nf5
15. Nxf5 Bxf5 16. Rac1 Be7 17. Bd4 f6 18. e4 Bd7 19. f4 Re8 20. e5 Rc8 21. Rfe1
fxe5 22. fxe5 dxe5 23. Bxe5 Bf6 24. Bxf6+ gxf6 25. Rxe8+ Kxe8 26. Re1+ Kf7 27.
Re3 Re8 28. Kf2 Bg4 29. Rxe8 Kxe8 30. Ke3 Kd7 31. Kf4 Bh5 32. Kf5 Ke7 33. d6+
cxd6 34. Bxb7 Be8 35. Bd5 h5 36. b4 axb3 37. Bxb3 Bb5 38. a4 Bd3+ 39. Kf4 Be2
40. a5 Kf8 41. Bd5 Ba6 42. Kf5 Ke7 43. Kg6 h4 44. gxh4 Bd3+ 45. Kg7 f5 46. h5
Kd7 47. h6 f4 48. h7 Bxh7 49. Kxh7 Kc7 50. h4 Kb8 51. Kg7 Ka7 52. Kf7 Ka6 53.
Ke7 Kxa5 54. Kxd6 1-0

[Event "Howell (MI Inv/4)"]
[Site "?"]
[Date "1996.??.??"]
[Round "?"]
[White "Noren, Kevin"]
[Black "Toma, A."]
[Result "0-1"]
[WhiteElo "2320"]
[BlackElo "2270"]
[PlyCount "274"]
[EventDate "1996.??.??"]

1. e4 e5 2. Nf3 Nc6 3. Bb5 a6 4. Ba4 Nf6 5. d3 b5 6. Bb3 h6 7. c3 d6 8. Nbd2
Be7 9. Nf1 Na5 10. Bc2 c5 11. Ng3 O-O 12. O-O Re8 13. h3 Bf8 14. Nh2 d5 15. Qe2
dxe4 16. dxe4 Be6 17. Rd1 Qc7 18. Ng4 Nxg4 19. hxg4 Rad8 20. Nf5 Rxd1+ 21. Qxd1
Be7 22. Nxe7+ Rxe7 23. g5 hxg5 24. Bxg5 f6 25. Bc1 Rd7 26. Qh5 Bf7 27. Qh3 Rd8
28. Qf3 Be6 29. g3 Qf7 30. b3 g5 31. Be3 g4 32. Qe2 Rc8 33. Rd1 Nb7 34. Kg2 Kg7
35. Rh1 Rh8 36. Rxh8 Kxh8 37. Qd2 c4 38. b4 Qd7 39. Qxd7 Bxd7 40. Bb6 Kg7 41.
Bc7 Kf7 42. Kf1 Ke7 43. Ke2 Be6 44. Ke3 Kd7 45. Bb6 Nd6 46. Bc5 Nf7 47. Bf8 Ke8
48. Bc5 Ng5 49. Bd1 Kf7 50. Bd6 Kg6 51. f4 gxf3 52. Bxf3 Nf7 53. Be7 Nh6 54.
Bf8 Ng8 55. Bd6 Kg5 56. Bf8 Bg4 57. Bg2 Kg6 58. Bf1 Kf7 59. Bd6 Nh6 60. Bg2 Ke6
61. Bc5 Nf7 62. Bf8 Nd8 63. Bf1 Nb7 64. Bg2 Kf7 65. Bh6 a5 66. a3 axb4 67. axb4
Nd8 68. Kd2 Ne6 69. Be3 Ng7 70. Ke1 Kg6 71. Kf2 Bd7 72. Bf3 Bc6 73. Bc5 Ne6 74.
Bd6 Ng5 75. Ke3 Bb7 76. Bg2 Ba8 77. Bf3 Bc6 78. Bg2 Bd7 79. Bc7 Bg4 80. Bd6 Bd1
81. Be7 Kg7 82. Bc5 Kf7 83. Bd6 Bg4 84. Bc5 Bd7 85. Bd6 Bc6 86. Bf3 Bb7 87. Bc7
Ke8 88. Bb8 Ke7 89. Bc7 Ne6 90. Bb8 Bc6 91. Bg4 Ng5 92. Bf3 Bd7 93. Bc7 Bh3 94.
Bb8 Ne6 95. Ba7 Nc7 96. Bc5+ Ke6 97. Bf8 Kd7 98. Bg7 Ke7 99. Bh6 Na8 100. Ke2
Nb6 101. Be3 Na4 102. Kd2 Bd7 103. Kc2 Bc6 104. g4 Kf8 105. Bd2 Nb6 106. Kd1
Kg7 107. Ke2 Kg6 108. Kf2 Nd7 109. Ke3 Nf8 110. Kf2 Ne6 111. Ke3 Nf4 112. Kf2
Nh3+ 113. Ke2 Bd7 114. Kf1 Bc6 115. Ke2 Bb7 116. Ke3 Kg5 117. Ke2+ Nf4+ 118.
Kf1 Bc8 119. Kf2 Bxg4 120. Kg3 Bd7 121. Bh1 Bc6 122. Bf3 f5 123. exf5 Bxf3 124.
Kxf3 Kxf5 125. Be1 Nd5 126. Bd2 e4+ 127. Ke2 Kg4 128. Kf2 e3+ 129. Bxe3 Nxc3
130. Ke1 Kf3 131. Bc5 Na4 132. Kd2 Ke4 133. Bf8 c3+ 134. Kc2 Kd4 135. Kb3 Kd3
136. Bh6 Nb6 137. Bg5 Nc4 0-1

[Event "Howell (MI Inv/2)"]
[Site "?"]
[Date "1996.??.??"]
[Round "?"]
[White "Noren, Kevin"]
[Black "Thompson, Dexter"]
[Result "1-0"]
[WhiteElo "2320"]
[BlackElo "2325"]
[PlyCount "59"]
[EventDate "1996.??.??"]

1. e4 e5 2. f4 exf4 3. Nf3 d6 4. d4 g5 5. h4 g4 6. Ng1 Nf6 7. Bxf4 Nxe4 8. Bd3
Qe7 9. Ne2 Bf5 10. Nd2 Nc6 11. Bxe4 Bxe4 12. O-O Bg7 13. Nxe4 Qxe4 14. c3 h5
15. Ng3 Qd5 16. Bg5 f6 17. Bxf6 Bxf6 18. Rxf6 O-O-O 19. Rf5 Qe6 20. Qd2 Ne7 21.
Re1 Qd7 22. Rf7 Rde8 23. Qg5 b6 24. Rexe7 Rxe7 25. Qxe7 Qc6 26. Qe4 d5 27. Qf5+
Kb7 28. Qd7 Qc4 29. Nf5 Qc6 30. Nd6+ 1-0

[Event "Howell (MI Inv/5)"]
[Site "?"]
[Date "1996.??.??"]
[Round "?"]
[White "Noren, Kevin"]
[Black "Strugach, L."]
[Result "1-0"]
[WhiteElo "2320"]
[BlackElo "2345"]
[PlyCount "53"]
[EventDate "1996.??.??"]

1. e4 c6 2. d4 d5 3. exd5 cxd5 4. c4 e6 5. Nc3 Nf6 6. Nf3 Nc6 7. cxd5 Nxd5 8.
Bd3 Be7 9. O-O O-O 10. Re1 Bf6 11. Be4 Nce7 12. Ne5 g6 13. Bh6 Bg7 14. Bxg7
Kxg7 15. Qf3 b6 16. Bxd5 Nxd5 17. Nc6 Qd6 18. Nxd5 exd5 19. Rac1 Bf5 20. Qg3
Qxg3 21. hxg3 Rfe8 22. Ne7 Be6 23. Nc6 a5 24. f3 f6 25. Kf2 h5 26. Re3 Bd7 27.
Ne7 1-0

[Event "Kalamazoo (Swiss/2/10)"]
[Site "?"]
[Date "1996.??.??"]
[Round "?"]
[White "Nolan, Matthew"]
[Black "Van Den Abell, Tom"]
[Result "1-0"]
[WhiteElo "1605"]
[BlackElo "1605"]
[PlyCount "79"]
[EventDate "1996.??.??"]

{2/(10)} 1. e4 c5 2. Nf3 Nc6 3. Nc3 g6 4. b3 Bg7 5. Bb2 e6 6. Bc4 a6 7. O-O
Nge7 8. Re1 d5 9. exd5 exd5 10. Bd3 d4 11. Na4 b6 12. c3 O-O 13. cxd4 cxd4 14.
Ba3 b5 15. Nc5 b4 16. Bb2 Nd5 17. a3 Qd6 18. Na4 a5 19. Re4 Bg4 20. Ba6 Rxa6
21. Qe2 Nf6 22. Rxg4 Nxg4 23. Qxa6 Qc7 24. h3 Nge5 25. Nxd4 Qa7 26. Qxa7 Nxa7
27. Re1 Nd3 28. Re7 Nc8 29. Rd7 Re8 30. axb4 Re1+ 31. Kh2 Nxf2 32. bxa5 Rh1+
33. Kg3 Ne4+ 34. Kf4 g5+ 35. Kxe4 Re1+ 36. Kd3 Re8 37. Nf3 Bxb2 38. Nxb2 Re6
39. Nc4 Rf6 40. Rd8+ 1-0